<?xml version="1.0" encoding="UTF-8"?><?xml-stylesheet type="text/xsl" href="static/style.xsl"?><OAI-PMH xmlns="http://www.openarchives.org/OAI/2.0/" xmlns:xsi="http://www.w3.org/2001/XMLSchema-instance" xsi:schemaLocation="http://www.openarchives.org/OAI/2.0/ http://www.openarchives.org/OAI/2.0/OAI-PMH.xsd"><responseDate>2026-06-05T12:53:04Z</responseDate><request verb="GetRecord" identifier="oai:riuma.uma.es:10630/5514" metadataPrefix="marc">https://riuma.uma.es/rest/oai/request</request><GetRecord><record><header><identifier>oai:riuma.uma.es:10630/5514</identifier><datestamp>2026-02-03T11:08:15Z</datestamp><setSpec>com_10630_2254</setSpec><setSpec>col_10630_37953</setSpec></header><metadata><record xmlns="http://www.loc.gov/MARC21/slim" xmlns:dcterms="http://purl.org/dc/terms/" xmlns:doc="http://www.lyncode.com/xoai" xmlns:xsi="http://www.w3.org/2001/XMLSchema-instance" xsi:schemaLocation="http://www.loc.gov/MARC21/slim http://www.loc.gov/standards/marcxml/schema/MARC21slim.xsd">
   <leader>00925njm 22002777a 4500</leader>
   <datafield ind2=" " ind1=" " tag="042">
      <subfield code="a">dc</subfield>
   </datafield>
   <datafield ind2=" " ind1=" " tag="720">
      <subfield code="a">Ponce Morales, Isabel</subfield>
      <subfield code="e">author</subfield>
   </datafield>
   <datafield ind2=" " ind1=" " tag="720">
      <subfield code="a">Tójar-Hurtado, Juan Carlos</subfield>
      <subfield code="e">author</subfield>
   </datafield>
   <datafield ind2=" " ind1=" " tag="260">
      <subfield code="c">2013-06-21</subfield>
   </datafield>
   <datafield ind2=" " ind1=" " tag="520">
      <subfield code="a">El modelo de competencias es ya una realidad en el diseño de los actuales títulos de grado y posgrado. En esta investigación, llevada a cabo en la Universidad de Málaga, se utiliza la metodología de encuestas para analizar la pertinencia y el grado de desarrollo de las competencias incluidas en una enseñanza de posgrado: Un máster oficial interuniversitario en Educación Ambiental. Dentro del enfoque metodológico de encuestas se han diseñado tres cuestionarios dirigidos a tres muestras relevantes: especialistas en Educación Ambiental, estudiantes actuales del Máster y egresados del mismo. El diseño del instrumento permite analizar la pertinencia y el grado de desarrollo de las competencias así como relacionar dichos elementos con los ámbitos y sectores en los que existen mayores oportunidades de empleo. Los resultados y las conclusiones permiten orientar sobre la conveniencia de trabajar o no determinadas competencias y ofrecer información sobre los ámbitos y sectores en los que existen oportunidades de empleo para los educadores ambientales.</subfield>
   </datafield>
   <datafield ind1="8" ind2=" " tag="024">
      <subfield code="a">http://hdl.handle.net/10630/5514</subfield>
   </datafield>
   <datafield tag="653" ind2=" " ind1=" ">
      <subfield code="a">Competencia en educación</subfield>
   </datafield>
   <datafield tag="653" ind2=" " ind1=" ">
      <subfield code="a">Enseñanza superior</subfield>
   </datafield>
   <datafield ind2="0" ind1="0" tag="245">
      <subfield code="a">Análisis de competencias y oportunidades de empleo en una enseñanza de posgrado. El caso del máster interuniversitario en educación ambiental</subfield>
   </datafield>
</record>
</metadata></record></GetRecord></OAI-PMH>